000 00965nam0a22002891 4500
001 RU\INFOCOMM_322\NLR\5000097821
005 20250613104755.0
035 _a(NLR Aleph) 009513515
090 _a8781655
_c8781655
100 _a20121210d1965 |||y0rusy50 ca
101 0 _afre
102 _aRU
105 _ay z |||||
200 1 _aL'Union Soviétique, amie des peuples d'Afrique
_fA. Kodatchenko
210 _a[M.]
_cÉd. de l'Agence de presse "Novosti"
_d[1965]
215 _a43 с.
_cил.
_d20 см
607 _aАфрика
_xВзаимоотношения с СССР
_2nlr_sh1
607 _aСССР
_xВзаимоотношения с Африкой
_2nlr_sh1
620 _aМосква
686 _aИ7-500
_2rubbk
700 1 _9z01790
_aKodačenko
_bA. S.
_f1926-
_gAleksandr Sergeevič
790 1 _9z01700
_aKodatchenko
_bA.
_4070
801 1 _aRU
_bNLR
_c20121210
801 0 _aRU
_bINFOCOMM
_gPSBO
852 _aNLR
_jИ87 Г-4/45
942 _cBOOK
980 _aNB